000
00302nam a2200097Ia 4500
008
171211s9999 xx 000 0 und d
245
_a
Screening the Nonhuman : Representations of Animal Others in the Media
260
_c
2016
650
_x
ANIMALS
856
_u
http://down.ebook777.com/041/1498513743.pdf
999
_c
348509
_d
348509